[Event "Olongapo City op-B"]
[Site "Olongapo City"]
[Date "2015.11.10"]
[Round "3"]
[White "Segundo, Tommy Jr"]
[Black "Ricana, Leodegario"]
[Result "0-1"]
[WhiteElo "1913"]
[BlackElo "2087"]
[PlyCount "40"]
[EventDate "2015.11.09"]
[EventType "swiss"]
[EventRounds "10"]
[EventCountry "PHI"]
[SourceTitle "EXT 2017"]
[Source "ChessBase"]
[SourceDate "2016.10.25"]
[SourceVersion "1"]
[SourceVersionDate "2016.10.25"]
[SourceQuality "1"]

1. e4 Nc6 2. Nf3 d5 3. exd5 Qxd5 4. Nc3 Qa5 5. Bc4 Bg4 6. d4 0-0-0 7. Be3 e5 8. d5 e4 9. a3 exf3 10. b4 Bxb4 11. axb4 Qxb4 12. Qd2 Qxc4 13. Ra4 Nb4 14. Rxa7 Nf6 15. Ra8+ Kd7 16. Ra5 Ra8 17. Rc5 Ra1+ 18. Nd1 fxg2 19. Rg1 Nxc2+ 20. Qxc2 Qxc2 0-1